| 000 | 01272nam a22003617a 4500 | ||
|---|---|---|---|
| 003 | CHAP | ||
| 005 | 20220329140921.0 | ||
| 008 | 971013s1996 r 00010 d | ||
| 010 | _a59778 | ||
| 011 | _a60750 | ||
| 035 | _a64912 | ||
| 040 | _cCHAP | ||
| 090 | _aTesis | ||
| 100 | 0 | 0 |
_aCorona Ambríz, Alejandro. _928098 |
| 245 | _aMetodología para el cálculo de los requerimientos de calefacción y ventilación en invernaderos | ||
| 260 |
_aChapingo, Méx. : _bEl autor, _c1996 |
||
| 300 |
_a134 h. _b: ilus. |
||
| 502 | _aTesis (Ing. Mecánico Agrícola) -- UACH. Departamento de Ingeniería Mecánica Agrícola | ||
| 590 |
_aALEPH _b10 _c20130110 _lUCH01 _h1338 |
||
| 590 |
_aBATCH-UPD _b10 _c20130110 _lUCH01 _h0241 |
||
| 590 |
_aBATCH-UPD _b10 _c20130110 _lUCH01 _h1632 |
||
| 590 |
_aBATCH-UPD _b10 _c20130409 _lUCH01 _h2308 |
||
| 590 |
_aBATCH-UPD _b10 _c20130410 _lUCH01 _h1312 |
||
| 590 |
_aBATCH-UPD _b10 _c20130914 _lUCH01 _h0817 |
||
| 590 |
_aCONVERSION _b10 _c20130109 _lUCH01 _h1332 |
||
| 650 | 1 | 4 |
_aCalefacción. _917458 |
| 650 | 1 | 4 |
_aInvernaderos. _960172 |
| 700 | 0 |
_aCruz García, Miguel Angel. _929395 |
|
| 901 | _aBK | ||
| 942 | _cFOLL | ||
| 949 |
_bBC _cTES _d-143231 _eTS1 _h28842 _i64912 _si |
||
| 949 |
_bBC _cTES _d33724000078606 _eTS2 _fc.2 _h28843 _i64912 _si |
||
| 999 |
_c59778 _d59778 |
||